Las tumbas / (Registro nro. 915)
[ vista simple ]
| 000 -LEADER | |
|---|---|
| fixed length control field | 01772nam a22002417a 4500 |
| 003 - CONTROL NUMBER IDENTIFIER | |
| control field | AR-RoUNCS |
| 005 - DATE AND TIME OF LATEST TRANSACTION | |
| control field | 20260225131005.0 |
| 008 - FIXED-LENGTH DATA ELEMENTS--GENERAL INFORMATION | |
| fixed length control field | 180202s2014 sp r 001 spa |
| 020 ## - INTERNATIONAL STANDARD BOOK NUMBER | |
| Canceled/invalid ISBN | 978-84-15725-50-3 |
| 040 ## - CATALOGING SOURCE | |
| Original cataloging agency | AR-BaBN |
| Language of cataloging | spa |
| Transcribing agency | AR-RoUNCS |
| Description conventions | aacr |
| 080 ## - UNIVERSAL DECIMAL CLASSIFICATION NUMBER | |
| Authority record control number or standard number | 82-312.4(73) |
| 100 1# - MAIN ENTRY--PERSONAL NAME | |
| Personal name | Cussler, Clive |
| Relator term | autor |
| Relationship | aut |
| 245 13 - TITLE STATEMENT | |
| Title | Las tumbas / |
| Statement of responsibility, etc. | Clive Cussler y Thomas Perry. |
| 250 ## - EDITION STATEMENT | |
| Edition statement | 1a ed. |
| 260 ## - PUBLICATION, DISTRIBUTION, ETC. | |
| Place of publication, distribution, etc. | Barcelona : |
| Name of publisher, distributor, etc. | Random, |
| Date of publication, distribution, etc. | 2014. |
| 300 ## - PHYSICAL DESCRIPTION | |
| Extent | 409 p. ; |
| Dimensions | 21 cm. |
| 520 3# - SUMMARY, ETC. | |
| Summary, etc. | En este apasionantethriller Sam y Remi Fargo deberán superar uno de los retos más difíciles y peligrosos a los que jamás se han enfrentado: hallar el tesoro perdido de Atila, rey de los hunos.<br/><br/>Sam y Remi Fargo participan en una excavación arqueológica altamente secreta donde realizan un hallazgo que les llevará a perseguir un tesoro de valor inestimable. Las pistas les conducen hasta la tumba escondida de Atila el Huno, quien fue enterrado con una gran fortuna en oro y joyas. Pero este sitio arqueológico milenario ha sido saqueado y nunca se ha recuperado el botín.<br/><br/>En busca del tesoro perdido, viajarán a Hungría, Italia, Francia, Rusia y Kazajistán, y descubrirán otras cinco tumbas históricas profanadas.<br/>El matrimonio Fargo se verá envuelto en una trama criminal en la que aparecen codiciosos cazadores de tesoros, un estafador ruso que se hace pasar por un refinado hombre de negocios y un húngaro despiadado que afirma ser descendiente directo de Atila y que no se frenará ante nada ni nadie para conseguir apropiarse de los tesoros del gran rey de los hunos. |
| 650 #7 - SUBJECT ADDED ENTRY--TOPICAL TERM | |
| Source of heading or term | embne |
| Topical term or geographic name entry element | Literatura norteamericana |
| 653 ## - INDEX TERM--UNCONTROLLED | |
| Uncontrolled term | Novelas de suspenso |
| 655 #7 - INDEX TERM--GENRE/FORM | |
| Source of term | embne |
| Genre/form data or focus term | Novelas de suspense |
| 700 1# - ADDED ENTRY--PERSONAL NAME | |
| Personal name | Perry, Thomas |
| Relator term | autor |
| 942 ## - ADDED ENTRY ELEMENTS (KOHA) | |
| Source of classification or shelving scheme | Universal Decimal Classification |
| Koha item type | Obra General |
| Suppress in OPAC | No |
| Withdrawn status | Lost status | Source of classification or shelving scheme | Damaged status | Not for loan | Collection | Home library | Current library | Date acquired | Source of acquisition | Total checkouts | Full call number | Barcode | Date last seen | Price effective from | Koha item type |
|---|---|---|---|---|---|---|---|---|---|---|---|---|---|---|---|
| Universal Decimal Classification | Colección General | Biblioteca Escuela de Ciencias Sociales | Biblioteca Escuela de Ciencias Sociales | 25/02/2026 | Donación 2023 | 82-312.4(73) C986 | 000490 | 25/02/2026 | 25/02/2026 | Obra General |